00898cam a2200241 i 4500003000500000005001700005008004100022020002500063041001200088042000800100082001200108100002100120245013500141250002000276260003100296300004400327650001500371650001400386100001000400504005100410650001300461776018200474CUTN20190824131034.0130814s2014 enka b 001 0 eng  a9781118471920 (pbk.) aEnglish apcc00a3012231 aDillon, Michele,10aIntroduction to sociological theory :btheorists, concepts, and their applicability to the twenty-first century /cMichele Dillon. aSecond edition. aHoboken : bWiley, c2013. axx, 565 pages :billustrations ;c25 cm 0aSociology. 0aSociology1 d1960- aIncludes bibliographical references and index. 0xHistory.08iOnline version:aDillon, Michele, 1960-tIntroduction to sociological theorybSecond edition.dChichester, West Sussex : John Wiley & Sons, 2014z9781118471906w(DLC) 2013034998